[Event "Warsaw YMCA Spring-A 273rd"]
[Site "Warsaw"]
[Date "2023.05.04"]
[Round "4"]
[White "Borys, Marek"]
[Black "Kurowski, Maciej"]
[Result "1/2-1/2"]
[WhiteElo "1347"]
[BlackElo "1573"]
[PlyCount "108"]
[EventDate "2023.04.13"]
[EventType "tourn"]
[EventRounds "11"]
[EventCountry "POL"]
[SourceTitle "EXT 2024"]
[Source "ChessBase"]
[SourceDate "2023.10.10"]
[SourceVersion "1"]
[SourceVersionDate "2023.10.10"]
[SourceQuality "1"]

1. e4 c5 2. Nf3 g6 3. d4 cxd4 4. Nxd4 Nc6 5. Nc3 Bg7 6. Be3 Nf6 7. Qd2 Ng4 8. Nxc6 bxc6 9. Bg5 h6 10. Bh4 Rb8 11. Na4 d6 12. f3 Ne5 13. f4 Nd7 14. Bf2 Qc7 15. Bd3 0-0 16. Rb1 e5 17. fxe5 Nxe5 18. Be2 Be6 19. b3 f5 20. exf5 Bxf5 21. 0-0 Kh7 22. Bg3 Rbd8 23. Rbd1 Qe7 24. c4 h5 25. Bf4 Bf6 26. h3 Bh4 27. Kh1 Qe6 28. Bf3 Nxf3 29. Rxf3 Be4 30. Qe2 Rde8 31. Rxd6 Bxf3 32. Qxe6 Rxe6 33. Rxe6 Rxf4 34. gxf3 Rxf3 35. Rxc6 Rxh3+ 36. Kg2 Rg3+ 37. Kh2 Re3 38. Rc7+ Kh6 39. Rxa7 Re2+ 40. Kh1 Bf2 41. Rb7 Rxa2 42. c5 h4 43. c6 Bg3 44. Rd7 h3 45. Nc3 Rc2 46. Rd3 Rc1+ 47. Nd1 Kh5 48. Rxg3 Rxd1+ 49. Rg1 Rd8 50. c7 Rc8 51. Rc1 Kg5 52. Rc6 Kf5 53. Kh2 Ke5 54. Kxh3 Kd5 1/2-1/2

[Event "Warsaw YMCA Summer-B 245th"]
[Site "Warsaw"]
[Date "2021.07.23"]
[Round "6"]
[White "Borys, Marek"]
[Black "Sloniewska, Alicja"]
[Result "0-1"]
[WhiteElo "1505"]
[BlackElo "1614"]
[PlyCount "98"]
[EventDate "2021.06.30"]
[EventType "tourn"]
[EventRounds "10"]
[EventCountry "POL"]
[SourceTitle "EXT 2022"]
[Source "ChessBase"]
[SourceDate "2021.10.06"]
[SourceVersion "1"]
[SourceVersionDate "2021.10.06"]
[SourceQuality "1"]

1. d4 d5 2. c4 e6 3. Nc3 Nf6 4. cxd5 exd5 5. Qc2 Nc6 6. Nf3 Nb4 7. Qb1 g6 8. Ne5 Bf5 9. Nd3 Nxd3+ 10. exd3 Bg7 11. Bg5 0-0 12. Be2 c6 13. 0-0 Qb6 14. Qc2 Qxd4 15. Rad1 Qc5 16. Qd2 Rfe8 17. Bf3 Nd7 18. Bf4 Qa5 19. d4 Qd8 20. Rfe1 Nf6 21. Rxe8+ Qxe8 22. h3 Qd7 23. Re1 Re8 24. Rxe8+ Qxe8 25. Be2 Ne4 26. Qe3 Qd8 27. g4 Nxc3 28. bxc3 Be6 29. Be5 a6 30. Bxg7 Kxg7 31. f4 Qc7 32. Kg2 Bc8 33. Bd3 f6 34. Kf3 Qd7 35. f5 g5 36. c4 Qf7 37. c5 h5 38. Kg2 h4 39. Bc2 Kf8 40. Bd3 Qc7 41. Bc2 Qe7 42. Kf3 Qc7 43. Kg2 Kf7 44. Bb3 b6 45. cxb6 Qxb6 46. Qc3 Qb5 47. Kf2 a5 48. Qc2 Ba6 49. Qc5 Qe2+ 0-1

[Event "Warsaw YMCA Autumn-B 237th"]
[Site "Warsaw"]
[Date "2020.10.15"]
[Round "4"]
[White "Borys, Marek"]
[Black "Matyszkiewicz, Wiktor"]
[Result "1/2-1/2"]
[WhiteElo "1480"]
[BlackElo "1803"]
[PlyCount "81"]
[EventDate "2020.09.24"]
[EventType "swiss"]
[EventRounds "12"]
[EventCountry "POL"]
[SourceTitle "EXT 2022"]
[Source "ChessBase"]
[SourceDate "2021.10.06"]
[SourceVersion "1"]
[SourceVersionDate "2021.10.06"]
[SourceQuality "1"]

1. c4 Nf6 2. Nf3 g6 3. g3 Bg7 4. Bg2 0-0 5. Nc3 d5 6. cxd5 Nxd5 7. 0-0 c5 8. e4 Nxc3 9. bxc3 Nc6 10. Ba3 b6 11. Qe2 Qc7 12. Rac1 Bg4 13. h3 Bxf3 14. Bxf3 Rad8 15. Bg2 Qd7 16. d4 cxd4 17. cxd4 Nxd4 18. Qa6 f5 19. exf5 Rxf5 20. Bb4 Nf3+ 21. Kh1 Rdf8 22. Qc4+ Kh8 23. Rcd1 Qa4 24. Rc1 Ne5 25. Qb3 Qxb3 26. axb3 Nd3 27. Bxe7 Re8 28. Rc7 Nxf2+ 29. Kg1 Bd4 30. Rxa7 Rf7 31. Ra4 Be3 32. Ba3 Nxh3+ 33. Kh2 Rxf1 34. Bxf1 Ng5 35. Bb2+ Kg8 36. Bc4+ Kf8 37. Ra7 Re7 38. Ra8+ Re8 39. Ra7 Re7 40. Ra8+ Re8 41. Ra7 1/2-1/2

[Event "Warsaw YMCA Autumn-B 237th"]
[Site "Warsaw"]
[Date "2020.10.09"]
[Round "3"]
[White "Jaroszuk, Marcin"]
[Black "Borys, Marek"]
[Result "1/2-1/2"]
[WhiteElo "1572"]
[BlackElo "1480"]
[PlyCount "80"]
[EventDate "2020.09.24"]
[EventType "swiss"]
[EventRounds "12"]
[EventCountry "POL"]
[SourceTitle "EXT 2022"]
[Source "ChessBase"]
[SourceDate "2021.10.06"]
[SourceVersion "1"]
[SourceVersionDate "2021.10.06"]
[SourceQuality "1"]

1. d4 Nf6 2. c4 g6 3. g3 Bg7 4. Bg2 c6 5. Nf3 d5 6. cxd5 cxd5 7. 0-0 0-0 8. Nc3 Nc6 9. Ne5 e6 10. Qa4 Qb6 11. Rd1 Nd7 12. Nf3 f5 13. e3 Nf6 14. Nd2 a6 15. Qb3 Qc7 16. Na4 Nd7 17. Qc2 g5 18. Nf3 h6 19. Bf1 Qd8 20. Bd2 Qe8 21. Be2 Bf6 22. Ne1 Kg7 23. Nd3 Be7 24. Kg2 Bd6 25. Rh1 Qg6 26. Raf1 h5 27. Qb1 Rb8 28. Nac5 Nf6 29. h4 g4 30. Nf4 Qf7 31. Ncd3 Ne4 32. Bc3 Bd7 33. Rc1 Kh6 34. b3 Rfc8 35. Rc2 Qe7 36. Rhc1 Ba3 37. Bb2 Bd6 38. Bc3 Ba3 39. Bb2 Bd6 40. Bc3 Ba3 1/2-1/2

[Event "Warsaw YMCA Autumn-B 237th"]
[Site "Warsaw"]
[Date "2020.10.02"]
[Round "2"]
[White "Borys, Marek"]
[Black "Tarka, Aleksandra"]
[Result "1/2-1/2"]
[WhiteElo "1480"]
[BlackElo "1586"]
[PlyCount "59"]
[EventDate "2020.09.24"]
[EventType "swiss"]
[EventRounds "12"]
[EventCountry "POL"]
[SourceTitle "EXT 2022"]
[Source "ChessBase"]
[SourceDate "2021.10.06"]
[SourceVersion "1"]
[SourceVersionDate "2021.10.06"]
[SourceQuality "1"]

1. e4 c5 2. Nf3 e6 3. d4 cxd4 4. Nxd4 Nf6 5. Nc3 Nc6 6. Be2 Bb4 7. Nxc6 bxc6 8. Bd3 d5 9. exd5 cxd5 10. 0-0 0-0 11. Bg5 Bb7 12. f3 Rc8 13. Ne2 Qb6+ 14. Kh1 e5 15. Ng3 h6 16. Bc1 e4 17. Be2 Rfd8 18. c3 Bc5 19. b4 Bf8 20. Bb2 d4 21. cxd4 Qxb4 22. Rb1 exf3 23. Bxf3 Ba6 24. Re1 Nd5 25. Ne4 Qa5 26. Nc5 Nf6 27. Nxa6 Qxa6 28. a4 Nd5 29. Ba1 Nb4 30. Be4 1/2-1/2

[Event "Warsaw YMCA Autumn-C 222nd"]
[Site "Warsaw"]
[Date "2019.10.30"]
[Round "7"]
[White "Budny, Piotr"]
[Black "Borys, Marek"]
[Result "1/2-1/2"]
[WhiteElo "1381"]
[BlackElo "1386"]
[PlyCount "92"]
[EventDate "2019.09.19"]
[EventType "tourn"]
[EventRounds "13"]
[EventCountry "POL"]
[SourceTitle "CBM 195 Extra"]
[Source "ChessBase"]
[SourceDate "2020.05.31"]
[SourceVersion "1"]
[SourceVersionDate "2020.05.31"]
[SourceQuality "1"]

1. Nf3 Nf6 2. g3 g6 3. Bg2 Bg7 4. d3 0-0 5. e4 d6 6. 0-0 e5 7. Ng5 h6 8. Nh3 Bg4 9. f3 Be6 10. Bd2 d5 11. Nc3 c6 12. f4 dxe4 13. fxe5 Bxh3 14. exf6 Qd4+ 15. Kh1 Bxg2+ 16. Kxg2 Bxf6 17. Bxh6 Bg7 18. Bxg7 Qxg7 19. Nxe4 Nd7 20. c3 Qe5 21. Qf3 f5 22. Nd2 Qb5 23. Nc4 Rae8 24. b4 Qa4 25. Qf2 Re6 26. Qd4 Rf7 27. Rf2 c5 28. Qd5 Qc6 29. Qxc6 Rxc6 30. b5 Re6 31. Raf1 Rfe7 32. a4 Nb6 33. Nxb6 axb6 34. Rd2 Re3 35. Kf2 Kf7 36. Ra1 g5 37. a5 bxa5 38. Rxa5 b6 39. Ra6 R7e6 40. Ra7+ Kg6 41. Rc7 g4 42. d4 Rxc3 43. d5 Rf3+ 44. Kg2 Re1 45. d6 Rff1 46. d7 Rg1+ 1/2-1/2

[Event "Warsaw YMCA Summer-B 218th"]
[Site "Warsaw"]
[Date "2019.07.19"]
[Round "6"]
[White "Borys, Marek"]
[Black "Ossolinski, Lukasz"]
[Result "1-0"]
[WhiteElo "1366"]
[BlackElo "1327"]
[PlyCount "79"]
[EventDate "2019.07.02"]
[EventType "tourn"]
[EventRounds "10"]
[EventCountry "POL"]
[SourceTitle "CBM 195 Extra"]
[Source "ChessBase"]
[SourceDate "2020.05.31"]
[SourceVersion "1"]
[SourceVersionDate "2020.05.31"]
[SourceQuality "1"]

1. e4 e6 2. d4 d5 3. Nc3 Bb4 4. exd5 exd5 5. Bd3 Nf6 6. Bg5 c6 7. Nge2 Bg4 8. f3 Bh5 9. Qd2 Nbd7 10. 0-0-0 Qc7 11. Nf4 0-0 12. Nxh5 Nxh5 13. g4 Nhf6 14. Kb1 Rfe8 15. h4 Qd6 16. h5 Nf8 17. Bf5 h6 18. Be3 N8h7 19. g5 Nxg5 20. Bxg5 hxg5 21. Qxg5 Nh7 22. Bxh7+ Kxh7 23. Qf5+ Kh6 24. Rdg1 Qf8 25. Rg6+ Kh7 26. Rf6+ Kh8 27. Rxf7 Qg8 28. h6 Qh7 29. hxg7+ Kg8 30. Qxh7+ Kxf7 31. a3 Rg8 32. Rg1 Ba5 33. Qf5+ Ke7 34. Re1+ Kd8 35. Qf7 Bxc3 36. bxc3 b6 37. Qxg8+ Kc7 38. Qxa8 b5 39. Qxa7+ Kd6 40. Qe7# 1-0

[Event "Warsaw YMCA Summer-B 218th"]
[Site "Warsaw"]
[Date "2019.07.04"]
[Round "2"]
[White "Rembecki, Robert"]
[Black "Borys, Marek"]
[Result "1-0"]
[WhiteElo "1363"]
[BlackElo "1366"]
[PlyCount "109"]
[EventDate "2019.07.02"]
[EventType "tourn"]
[EventRounds "10"]
[EventCountry "POL"]
[SourceTitle "CBM 195 Extra"]
[Source "ChessBase"]
[SourceDate "2020.05.31"]
[SourceVersion "1"]
[SourceVersionDate "2020.05.31"]
[SourceQuality "1"]

1. c4 c5 2. Nf3 Nf6 3. d4 cxd4 4. Nxd4 d6 5. Nc3 Nc6 6. e4 Nxd4 7. Qxd4 e6 8. Be2 e5 9. Qd3 Bd7 10. 0-0 a6 11. Be3 Be7 12. Rad1 0-0 13. f4 Qc7 14. fxe5 dxe5 15. Rxf6 Bxf6 16. Qxd7 Qa5 17. Nd5 Qd8 18. Qg4 Qd6 19. Nf4 Qc6 20. Nd5 Bd8 21. Kh1 Kh8 22. Qf5 b5 23. c5 f6 24. b4 a5 25. Qf1 Rb8 26. a3 Rg8 27. Nc3 axb4 28. axb4 Qa6 29. Nxb5 Qe6 30. Bc4 Qc6 31. Nd6 Rf8 32. Nf7+ Rxf7 33. Bxf7 Qxe4 34. Qd3 Qa8 35. Bd5 Qa4 36. Bc6 Qxc6 37. Qxd8+ Qe8 38. Qxe8+ Rxe8 39. b5 f5 40. g3 h5 41. Bg5 Kh7 42. Rd8 Re6 43. Rd6 Re8 44. b6 f4 45. gxf4 exf4 46. Bxf4 h4 47. Kg2 g5 48. Bxg5 Rg8 49. Rh6+ Kg7 50. Kh3 Rb8 51. Kxh4 Rb7 52. Kh5 Rb8 53. Bf4 Re8 54. b7 Re7 55. b8Q 1-0

[Event "Warsaw YMCA Summer-B 218th"]
[Site "Warsaw"]
[Date "2019.07.03"]
[Round "1"]
[White "Borys, Marek"]
[Black "Jaroszuk, Marcin"]
[Result "0-1"]
[WhiteElo "1366"]
[BlackElo "1425"]
[PlyCount "56"]
[EventDate "2019.07.02"]
[EventType "tourn"]
[EventRounds "10"]
[EventCountry "POL"]
[SourceTitle "CBM 195 Extra"]
[Source "ChessBase"]
[SourceDate "2020.05.31"]
[SourceVersion "1"]
[SourceVersionDate "2020.05.31"]
[SourceQuality "1"]

1. e4 e5 2. Nf3 Nc6 3. Bb5 a6 4. Ba4 d6 5. Bxc6+ bxc6 6. 0-0 Bg4 7. Re1 Qf6 8. d3 Bxf3 9. Qxf3 Qxf3 10. gxf3 Ne7 11. f4 exf4 12. Bxf4 g5 13. Bd2 Rg8 14. Nc3 Kd7 15. Ne2 f5 16. exf5 Nxf5 17. Kh1 Be7 18. c3 Raf8 19. Rf1 Nh4 20. f4 g4 21. Be3 Rg6 22. Ng3 Nf3 23. Kg2 Nh4+ 24. Kh1 Nf3 25. Kg2 Rgg8 26. Rac1 Rh8 27. Rxf3 gxf3+ 28. Kxf3 a5 0-1

[Event "Warsaw YMCA Autumn-D 208th"]
[Site "Warsaw"]
[Date "2018.10.30"]
[Round "7"]
[White "Berdyga, Mariusz"]
[Black "Borys, Marek"]
[Result "0-1"]
[WhiteElo "1278"]
[BlackElo "1346"]
[PlyCount "134"]
[EventDate "2018.09.18"]
[EventType "tourn"]
[EventRounds "13"]
[EventCountry "POL"]
[SourceTitle "EXT 2021"]
[Source "ChessBase"]
[SourceDate "2020.10.23"]
[SourceVersion "1"]
[SourceVersionDate "2020.10.23"]
[SourceQuality "1"]

1. e4 c5 2. Nf3 d6 3. Bb5+ Bd7 4. Bxd7+ Qxd7 5. 0-0 Nf6 6. Re1 e6 7. c3 Be7 8. d4 Qc6 9. e5 dxe5 10. Nxe5 Qa6 11. Bg5 cxd4 12. cxd4 0-0 13. Nc3 Re8 14. Bxf6 Bxf6 15. Qh5 Bxe5 16. dxe5 Nc6 17. Ne4 Rf8 18. Re3 Nxe5 19. Rh3 h6 20. Qxe5 f6 21. Qh5 Qc4 22. Qg6 Rac8 23. Rc3 Qd4 24. Rxc8 Rxc8 25. Nc3 Rd8 26. Qe4 Qd7 27. g3 f5 28. Qe5 Qc6 29. Re1 Kf7 30. Nb5 Rd5 31. Qc7+ Qxc7 32. Nxc7 Rd7 33. Nb5 a6 34. Nc3 Rd2 35. Re2 Rd4 36. Kg2 Kf6 37. h4 g5 38. hxg5+ hxg5 39. Rc2 b5 40. Ne2 Ra4 41. b3 Re4 42. f3 Re3 43. Kf2 Rd3 44. f4 a5 45. fxg5+ Kxg5 46. Nf4 Rd6 47. Re2 Kf6 48. Nh5+ Kg6 49. Nf4+ Kf6 50. Kf3 a4 51. b4 e5 52. Ng2 Rd4 53. a3 e4+ 54. Kf4 Rd3 55. Re3 Rd2 56. g4 Rxg2 57. gxf5 Rf2+ 58. Kxe4 Rxf5 59. Kd4 Rg5 60. Rc3 Ke6 61. Rc5 Rg4+ 62. Kc3 Rg3+ 63. Kb2 Rg2+ 64. Rc2 Rxc2+ 65. Kxc2 Ke5 66. Kd3 Kd5 67. Ke3 Kc4 0-1

[Event "Warsaw YMCA Autumn-D 208th"]
[Site "Warsaw"]
[Date "2018.10.16"]
[Round "5"]
[White "Jochym, Slawomir"]
[Black "Borys, Marek"]
[Result "0-1"]
[WhiteElo "1201"]
[BlackElo "1346"]
[PlyCount "114"]
[EventDate "2018.09.18"]
[EventType "tourn"]
[EventRounds "13"]
[EventCountry "POL"]
[SourceTitle "EXT 2021"]
[Source "ChessBase"]
[SourceDate "2020.10.23"]
[SourceVersion "1"]
[SourceVersionDate "2020.10.23"]
[SourceQuality "1"]

1. d4 Nf6 2. c4 e6 3. Nf3 d5 4. e3 c5 5. Nc3 cxd4 6. exd4 Be7 7. Be2 0-0 8. 0-0 dxc4 9. Bxc4 Nbd7 10. Bf4 Nb6 11. Bb3 a6 12. Rc1 Nbd5 13. Nxd5 Nxd5 14. Bd2 Qb6 15. Qe2 Bf6 16. Qe4 Rd8 17. Rfe1 Qd6 18. Ng5 Bxg5 19. Bxg5 f6 20. Bh4 f5 21. Qf3 Rf8 22. Re5 Bd7 23. Bxd5 exd5 24. Be7 Qh6 25. Qxd5+ Kh8 26. Rce1 Bc6 27. Qb3 Rfe8 28. d5 Bd7 29. Qxb7 Bb5 30. d6 Rab8 31. Qf3 Bd7 32. b3 Qd2 33. Qe2 Qd4 34. h4 Rec8 35. Qh5 Rc2 36. Qf3 Rc3 37. R5e3 Rc2 38. Qh5 Rbc8 39. Qf7 Qd2 40. R3e2 Qxe2 41. Rxe2 Rxe2 42. Bg5 Be6 43. h5 Bxf7 44. d7 Rec2 45. d8Q+ Rxd8 46. Bxd8 Rxa2 47. b4 Bxh5 48. Be7 Be2 49. Kh2 Kg8 50. Kg3 Kf7 51. Bc5 Bb5 52. Kf4 g6 53. Ke3 Ke6 54. Kf4 Ra4 55. g4 fxg4 56. Kxg4 a5 57. f4 axb4 0-1

[Event "Warsaw YMCA Spring-D 201st"]
[Site "Warsaw"]
[Date "2018.05.23"]
[Round "10"]
[White "Borys, Marek"]
[Black "Derylo, Maksymilian"]
[Result "1-0"]
[WhiteElo "1352"]
[BlackElo "1237"]
[PlyCount "117"]
[EventDate "2018.04.05"]
[EventType "tourn"]
[EventRounds "13"]
[EventCountry "POL"]
[SourceTitle "EXT 2021"]
[Source "ChessBase"]
[SourceDate "2020.10.23"]
[SourceVersion "1"]
[SourceVersionDate "2020.10.23"]
[SourceQuality "1"]

1. d4 Nf6 2. Nf3 g6 3. g3 Bg7 4. Bg2 0-0 5. 0-0 Re8 6. Re1 d6 7. Bg5 Nbd7 8. c3 c5 9. Nbd2 Qb6 10. Qc2 cxd4 11. cxd4 Nd5 12. e4 Nb4 13. Qc3 Nc6 14. Be3 Qb4 15. a3 Qxc3 16. bxc3 b6 17. Rec1 Bb7 18. Nb3 Nf6 19. Nfd2 Rac8 20. h3 Nd7 21. Kh2 a5 22. a4 Ba6 23. h4 Rf8 24. Bh3 Rc7 25. f4 Bd3 26. Bxd7 Rxd7 27. d5 Nd8 28. Bxb6 Rb7 29. Bxa5 Bxe4 30. Nxe4 Rxb3 31. Rcb1 Rb7 32. Rxb7 Nxb7 33. Bb4 Rc8 34. a5 f5 35. a6 Nd8 36. Ng5 Kf8 37. Ba5 h6 38. Bxd8 hxg5 39. Bb6 gxf4 40. gxf4 Ke8 41. a7 Ra8 42. Bd4 Bxd4 43. cxd4 Kd7 44. Kg3 Kc8 45. h5 gxh5 46. Kh4 Kb7 47. Kxh5 Rxa7 48. Rxa7+ Kxa7 49. Kg5 Kb7 50. Kxf5 Kc7 51. Ke6 Kd8 52. Kf7 Kd7 53. f5 e5 54. dxe6+ Kc6 55. e7 Kd5 56. e8Q Kxd4 57. Ke6 Kc4 58. Qc6+ Kd4 59. Qxd6+ 1-0

[Event "Warsaw YMCA Spring-D 201st"]
[Site "Warsaw"]
[Date "2018.05.01"]
[Round "5"]
[White "Jaroszuk, Marcin"]
[Black "Borys, Marek"]
[Result "1-0"]
[WhiteElo "1283"]
[BlackElo "1352"]
[PlyCount "125"]
[EventDate "2018.04.05"]
[EventType "tourn"]
[EventRounds "13"]
[EventCountry "POL"]
[SourceTitle "EXT 2021"]
[Source "ChessBase"]
[SourceDate "2020.10.23"]
[SourceVersion "1"]
[SourceVersionDate "2020.10.23"]
[SourceQuality "1"]

1. Nf3 Nf6 2. g3 e6 3. Bg2 Be7 4. 0-0 0-0 5. d4 d5 6. c4 b6 7. Nc3 Bb7 8. cxd5 Nxd5 9. Nxd5 Bxd5 10. Re1 Nd7 11. e4 Bb7 12. Qc2 c5 13. d5 e5 14. Bd2 Bf6 15. Bc3 Re8 16. a4 a5 17. Bf1 Ba6 18. Bxa6 Rxa6 19. Nd2 Ra8 20. Nc4 Nf8 21. Qe2 Qb8 22. Ne3 g6 23. Rad1 Nd7 24. Bd2 Bg7 25. Ng4 Qd6 26. Qf3 f6 27. Nh6+ Bxh6 28. Bxh6 Rac8 29. h4 Re7 30. Rc1 Rb8 31. Qe2 Rbe8 32. Rc3 Rf7 33. Rf3 Ree7 34. Bd2 h5 35. Qa6 Re8 36. Bxa5 Rff8 37. Bd2 Ra8 38. Qc4 Kh7 39. Rb3 f5 40. Bg5 fxe4 41. Qxe4 Rf7 42. Rf3 Rxf3 43. Qxf3 Rf8 44. Qd3 Rf5 45. Re3 Qf8 46. Qb5 Qf7 47. Re2 Qxd5 48. Rd2 Qf3 49. Qxd7+ Rf7 50. Qd3 Qc6 51. Qc3 Qe4 52. Qb3 Qb1+ 53. Kh2 Qf5 54. Qxb6 e4 55. a5 Qe5 56. a6 c4 57. a7 c3 58. bxc3 Qxc3 59. a8Q e3 60. Qbd8 Qg7 61. fxe3 Rf1 62. Rd7 Rf2+ 63. Kg1 1-0

[Event "Warsaw YMCA Summer-B 188th"]
[Site "Warsaw"]
[Date "2017.08.08"]
[Round "9"]
[White "Borys, Marek"]
[Black "Urbaniak, Karol"]
[Result "1/2-1/2"]
[WhiteElo "1433"]
[BlackElo "1504"]
[PlyCount "77"]
[EventDate "2017.07.04"]
[EventType "tourn"]
[EventRounds "10"]
[EventCountry "POL"]
[SourceTitle "EXT 2019"]
[Source "ChessBase"]
[SourceDate "2018.10.10"]
[SourceVersion "1"]
[SourceVersionDate "2018.10.10"]
[SourceQuality "1"]

1. Nf3 Nf6 2. g3 g6 3. Bg2 Bg7 4. c4 0-0 5. 0-0 d5 6. cxd5 Nxd5 7. Nc3 c6 8. Re1 Be6 9. d4 f5 10. Ng5 Bf7 11. Nxf7 Rxf7 12. Nxd5 cxd5 13. Qb3 e6 14. e3 Qa5 15. Rd1 Nc6 16. Bd2 Qd8 17. Qb5 a6 18. Qb3 Rc8 19. Rdc1 Rfc7 20. Qd1 Bf8 21. a3 Nb8 22. Rxc7 Qxc7 23. Rc1 Qd8 24. Rxc8 Qxc8 25. h4 Nd7 26. Qb3 Nf6 27. Bf3 h6 28. Qb6 Ne4 29. Bxe4 fxe4 30. Ba5 Bg7 31. Kg2 Kf7 32. Bc3 Bf6 33. Qd6 Qc6 34. Qf4 g5 35. hxg5 hxg5 36. Qg4 Qc7 37. Qh5+ Kg7 38. Qe8 Qe7 39. Qb8 1/2-1/2

[Event "Warsaw YMCA Summer-B 188th"]
[Site "Warsaw"]
[Date "2017.07.25"]
[Round "5"]
[White "Borys, Marek"]
[Black "Mazurkiewicz, Wojciech"]
[Result "0-1"]
[WhiteElo "1433"]
[BlackElo "1429"]
[PlyCount "66"]
[EventDate "2017.07.04"]
[EventType "tourn"]
[EventRounds "10"]
[EventCountry "POL"]
[SourceTitle "EXT 2019"]
[Source "ChessBase"]
[SourceDate "2018.10.10"]
[SourceVersion "1"]
[SourceVersionDate "2018.10.10"]
[SourceQuality "1"]

1. d4 Nf6 2. Nf3 e6 3. c4 Bb4+ 4. Bd2 Qe7 5. a3 Bxd2+ 6. Qxd2 Ne4 7. Qc2 f5 8. Nc3 Nxc3 9. Qxc3 d6 10. e3 Nd7 11. Bd3 Nf6 12. 0-0-0 0-0 13. h3 b6 14. Kb1 Ne4 15. Qe1 Bb7 16. Rg1 Rab8 17. Qe2 a6 18. Ka1 Bc6 19. Nd2 d5 20. Nxe4 fxe4 21. Bb1 b5 22. cxd5 Bxd5 23. Ba2 b4 24. Bxd5 exd5 25. axb4 Qxb4 26. Qc2 Rb6 27. Rd2 Qa5+ 28. Kb1 Rb4 29. Qc5 Rb5 30. Qc2 Rfb8 31. Rc1 Qa3 32. Qc3 Rb3 33. Qc2 R8b4 0-1

[Event "Warsaw YMCA Summer-B 188th"]
[Site "Warsaw"]
[Date "2017.07.18"]
[Round "4"]
[White "Kwiek, Janusz"]
[Black "Borys, Marek"]
[Result "1/2-1/2"]
[WhiteElo "1475"]
[BlackElo "1433"]
[PlyCount "137"]
[EventDate "2017.07.04"]
[EventType "tourn"]
[EventRounds "10"]
[EventCountry "POL"]
[SourceTitle "EXT 2019"]
[Source "ChessBase"]
[SourceDate "2018.10.10"]
[SourceVersion "1"]
[SourceVersionDate "2018.10.10"]
[SourceQuality "1"]

1. Nf3 Nf6 2. c4 c5 3. Nc3 Nc6 4. d4 cxd4 5. Nxd4 Nxd4 6. Qxd4 g6 7. e4 d6 8. Be2 Bg7 9. Qd3 0-0 10. 0-0 Bd7 11. Rb1 a5 12. a4 Bc6 13. f3 Nd7 14. Be3 Re8 15. b3 Ne5 16. Qd2 Nd7 17. Rfd1 Qc7 18. Nd5 Qd8 19. Bd4 Bf8 20. Qg5 Bg7 21. Bxg7 Kxg7 22. h4 Bxd5 23. Qxd5 Qb6+ 24. Qd4+ Qxd4+ 25. Rxd4 Nc5 26. Kf2 f6 27. g4 h6 28. Rd2 g5 29. h5 Rec8 30. Ke3 Kf7 31. Bd1 Rc6 32. Rdb2 Na6 33. Kd4 Ke6 34. Be2 Rc5 35. Bd1 Nb4 36. Rd2 Na6 37. Be2 Rc7 38. Bd1 Rc5 39. Be2 Kf7 40. Kc3 Nb4 41. Bd1 Ke6 42. Kd4 Nc6+ 43. Ke3 Nb4 44. Kd4 Ra6 45. Be2 Rb6 46. Bf1 Na6 47. Kc3 Nb4 48. Kd4 Nc6+ 49. Kc3 Nb4 50. Kd4 Rc7 51. Be2 Na6 52. Ke3 Nc5 53. Rdb2 Rb4 54. Kd4 Rc6 55. Kc3 Ke5 56. Bd1 Rcb6 57. Ra1 Ne6 58. Rd2 Nc7 59. Raa2 Rc6 60. Rab2 Rc5 61. Re2 Ke6 62. Kd4 Na8 63. Ke3 Nc7 64. Kd4 Kd7 65. Kc3 Ke6 66. Kd4 Na6 67. Kc3 Nc7 68. Kd4 Rc6 69. Bc2 1/2-1/2

[Event "Warsaw YMCA Spring-C 185th"]
[Site "Warsaw"]
[Date "2017.06.01"]
[Round "7"]
[White "Borys, Marek"]
[Black "Szumigaj, Marcin"]
[Result "1/2-1/2"]
[WhiteElo "1384"]
[BlackElo "1396"]
[PlyCount "111"]
[EventDate "2017.04.06"]
[EventType "tourn"]
[EventRounds "13"]
[EventCountry "POL"]
[SourceTitle "EXT 2019"]
[Source "ChessBase"]
[SourceDate "2018.10.10"]
[SourceVersion "1"]
[SourceVersionDate "2018.10.10"]
[SourceQuality "1"]

1. d4 Nf6 2. Nf3 g6 3. c4 Bg7 4. Nc3 0-0 5. e4 d6 6. h3 e5 7. Bg5 h6 8. Be3 exd4 9. Nxd4 Re8 10. Bd3 Nbd7 11. Qd2 Nc5 12. f3 a5 13. 0-0-0 Nxd3+ 14. Qxd3 a4 15. Ncb5 Nd7 16. Qd2 Ne5 17. Na3 Kh7 18. h4 Be6 19. Nxe6 fxe6 20. h5 g5 21. Qe2 Rf8 22. Kb1 Nc6 23. Nb5 Be5 24. Qd2 Qf6 25. Rhg1 Na5 26. Qb4 Nc6 27. Qd2 Na5 28. Qc2 Rfc8 29. Bd4 Nc6 30. Bxe5 Qxe5 31. Qc3 Qxc3 32. Nxc3 a3 33. Nb5 axb2 34. Kxb2 Ra4 35. Kb3 Rca8 36. a3 e5 37. c5 Nd4+ 38. Nxd4 Rxa3+ 39. Kc4 exd4 40. Kxd4 R3a4+ 41. Kd5 R4a5 42. Rc1 Rd8 43. e5 dxc5+ 44. Ke6 Re8+ 45. Kf5 c4 46. Rge1 Rc5 47. Rcd1 c3 48. Rd7+ Kg8 49. Kf6 Rf8+ 50. Kg6 Rc6+ 51. e6 Re8 52. Rg7+ Kf8 53. Rf7+ Kg8 54. Rg7+ Kf8 55. Rf7+ Kg8 56. Rg7+ 1/2-1/2

[Event "Warsaw YMCA Spring-C 185th"]
[Site "Warsaw"]
[Date "2017.05.31"]
[Round "10"]
[White "Budrewicz, Henryk"]
[Black "Borys, Marek"]
[Result "0-1"]
[WhiteElo "1427"]
[BlackElo "1384"]
[PlyCount "74"]
[EventDate "2017.04.06"]
[EventType "tourn"]
[EventRounds "13"]
[EventCountry "POL"]
[SourceTitle "EXT 2019"]
[Source "ChessBase"]
[SourceDate "2018.10.10"]
[SourceVersion "1"]
[SourceVersionDate "2018.10.10"]
[SourceQuality "1"]

1. d4 Nf6 2. e3 e6 3. Bd3 d5 4. Nd2 c5 5. c3 Nc6 6. f4 c4 7. Bc2 Bd6 8. Ngf3 Qc7 9. Ne5 Be7 10. 0-0 g6 11. Qf3 Bd7 12. g4 Rf8 13. a4 0-0-0 14. Rf2 Nxe5 15. fxe5 Ng8 16. Qh3 f6 17. Nf3 fxe5 18. dxe5 Rf7 19. Bd2 Qb6 20. Rb1 Rdf8 21. Rff1 Qc7 22. Qg3 Bd8 23. h4 Bc6 24. g5 Ne7 25. Nd4 Qd7 26. Rf6 Rxf6 27. gxf6 Nf5 28. Bxf5 gxf5 29. Kf2 Bc7 30. Nf3 Qe8 31. Qg7 d4 32. exd4 Bxf3 33. Kxf3 Qh5+ 34. Kg3 Rd8 35. f7 Bxe5+ 36. dxe5 Rd3+ 37. Kf2 Rxd2+ 0-1

[Event "Warsaw YMCA Spring-C 185th"]
[Site "Warsaw"]
[Date "2017.05.10"]
[Round "6"]
[White "Bartczak, Hanna"]
[Black "Borys, Marek"]
[Result "0-1"]
[WhiteElo "1505"]
[BlackElo "1384"]
[PlyCount "66"]
[EventDate "2017.04.06"]
[EventType "tourn"]
[EventRounds "13"]
[EventCountry "POL"]
[SourceTitle "EXT 2019"]
[Source "ChessBase"]
[SourceDate "2018.10.10"]
[SourceVersion "1"]
[SourceVersionDate "2018.10.10"]
[SourceQuality "1"]

1. d4 Nf6 2. c4 e6 3. Nf3 Bb4+ 4. Bd2 Be7 5. Nc3 d5 6. e3 0-0 7. Qc2 b6 8. cxd5 exd5 9. Bd3 c5 10. 0-0 Bb7 11. Rfc1 Nbd7 12. a4 Re8 13. Ng5 g6 14. Be2 cxd4 15. exd4 Rc8 16. Qb3 a6 17. Bf3 Nf8 18. Re1 Qd6 19. Nh3 Ne6 20. Be3 Rc4 21. Qd1 Rc7 22. Ng5 Bf8 23. Qd2 Rcc8 24. Nxe6 Rxe6 25. Bf4 Qd7 26. h3 Rxe1+ 27. Rxe1 Re8 28. Be5 Qc6 29. Rc1 Qe6 30. Bxf6 Qxf6 31. Bxd5 Bxd5 32. Nxd5 Qd6 33. Nb4 Qxb4 0-1